[Event "FIDE WCC 2018"]
[Site "Khanty-Mansiysk"]
[Date "2018.11.12"]
[Round "4.1"]
[White "Ju, Wenjun"]
[Black "Tokhirjonova, Gulrukhbegim"]
[Result "1/2-1/2"]
[WhiteElo "2568"]
[BlackElo "2435"]
[Annotator "TA"]
[PlyCount "84"]
[EventDate "2018.11.03"]
[EventType "k.o."]
[EventCountry "RUS"]
[SourceTitle "playchess.com"]
[Source "ChessBase"]
[SourceQuality "1"]

{[%evp 11,84,19,31,24,24,24,32,24,25,29,30,30,16,33,30,19,25,29,33,19,40,33,43,29,23,0,8,0,0,0,72,80,75,85,58,63,70,63,51,75,59,58,75,66,80,0,0,0,0,0,0,0,0,0,0,0,0,0,0,0,0,0,0,0,0,0,0,0,0,0,0,0,0,0,0]} 1. d4 e6 2. c4 b6 3. e4 Bb4+ 4. Bd2 Bxd2+ 5. Qxd2 d5 6. Bd3 {C01: French: Exchange Variation} Ba6 {LiveBook: 3 Games} 7. cxd5 {Black must now prevent Bxa6.} Bxd3 8. Qxd3 {[#] dxe6 is the strong threat.White has an edge.} exd5 9. Ne2 $146 ({Predecessor:} 9. Nc3 dxe4 10. Qxe4+ Qe7 11. O-O-O Qxe4 12. Nxe4 {0-1 (46) Flom,G (2493)-Sutovsky,E (2673) Israel 2018}) 9... Ne7 10. e5 c5 11. O-O O-O 12. Nbc3 Nbc6 13. f4 Qd7 14. b3 Rac8 15. Rad1 Rfd8 16. dxc5 bxc5 17. Ng3 Qe6 18. Rfe1 c4 19. bxc4 {[%cal Rc3d5]} Nb4 20. Qe2 {And now a3 would win.} ({Don't blunder} 20. Qd4 $2 Nc2 $19) 20... dxc4 {[#]} (20... Qb6+ $11 21. Kh1 dxc4) 21. Rd6 $1 $16 {[%cal Rd6e6][%mdl 512]} Rxd6 22. exd6 Ned5 23. Nxd5 Nxd5 24. Qxe6 fxe6 $14 {[%mdl 4096] Endgame KRN-KRN} 25. f5 e5 26. Rxe5 Nf6 27. Ne4 {aiming for Nxf6+.} Rd8 28. Kf1 (28. a4 $16) 28... Nxe4 $1 $11 {The position is equal.} 29. Rxe4 {KR-KR} c3 30. Rc4 Rxd6 31. Rxc3 Ra6 32. a3 Kf7 33. Kf2 Kf6 34. g4 h5 35. gxh5 Kxf5 36. Rg3 Ra4 37. Kg2 Kf6 38. Kh3 Ra5 39. Kh4 Ra4+ 40. Kh3 Ra5 41. Kh4 Ra4+ 42. Kh3 Ra5 {Precision: White = 66%, Black = 82%.} 1/2-1/2

[Event "FIDE WCC 2018"]
[Site "Khanty-Mansiysk"]
[Date "2018.11.12"]
[Round "4.1"]
[White "Lagno, Kateryna"]
[Black "Lei, Tingjie"]
[Result "1-0"]
[WhiteElo "2556"]
[BlackElo "2457"]
[Annotator "TA"]
[PlyCount "105"]
[EventDate "2018.11.03"]
[EventType "k.o."]
[EventCountry "RUS"]
[SourceTitle "playchess.com"]
[Source "ChessBase"]
[SourceQuality "1"]

{[%evp 14,105,11,8,9,9,42,15,35,34,64,70,56,71,63,53,49,47,149,102,102,102,136,87,67,85,93,79,103,112,166,149,143,95,92,97,99,97,110,112,178,164,170,145,163,142,162,151,153,150,167,156,157,134,149,142,218,170,725,756,992,630,611,595,575,558,2614,439,977,977,933,872,779,764,968,918,911,721,813,766,975,966,900,885,4710,2219,1278,1135,5129,5067,29980,29981,29983,29982]} 1. e4 e5 2. Nf3 Nf6 3. Nxe5 d6 4. Nf3 Nxe4 5. Bd3 Nf6 6. O-O {C42: Petroff Defence: 3 Nxe5 and unusual White 3rd moves} Be7 7. Re1 O-O 8. Bf1 {LiveBook: 3 Games. The position is equal.} Re8 9. d4 c6 $146 ({Predecessor:} 9... d5 10. c4 Bg4 11. Nc3 Nc6 12. cxd5 Nxd5 13. h3 Bh5 {1-0 (25) Grischuk,A (2766)-Duda,J (2737) chess.com INT 2018}) 10. c4 Bg4 11. h3 Bh5 12. Nc3 Na6 13. g4 Bg6 14. g5 Nd7 15. Nh4 Qa5 (15... Nf8 $14) 16. Nxg6 hxg6 17. Qg4 $36 {[%mdl 2048] Black is under strong pressure.} Qf5 18. Bd2 Qxg4+ 19. hxg4 Nc7 20. f4 Ne6 21. Be3 f6 (21... Bd8 $16 {keeps fighting.}) 22. d5 $18 Nd8 23. dxc6 bxc6 24. gxf6 Bxf6 25. Rad1 Bxc3 26. bxc3 Nf7 (26... Nb7 $16) 27. Bg2 Rec8 28. Rb1 {aiming for Rb7.} g5 29. fxg5 Nde5 30. Bd4 Nxc4 31. Re7 Nce5 32. Rbb7 g6 33. c4 {[%cal Bc3c4,Bc4c5][%mdl 32]} Rab8 34. Rxa7 {Hoping for c5.} Rb1+ (34... Re8 $16) 35. Kh2 {Strongly threatening c5.} Nxg4+ $2 (35... Re1 36. Kg3 Re2) 36. Kg3 Nge5 37. c5 Rd1 38. Bxe5 $1 {And now Bf6 would win.} Nxe5 39. cxd6 Nc4 40. Rac7 (40. Bh3 $142 Rd3+ 41. Kg2 Ne3+ 42. Rxe3 $1 {[%mdl 512]} Rxe3 43. Bxc8) 40... Rd8 (40... Rd3+ $142 41. Kh4 Rd8 42. Rg7+ (42. Bxc6 Nxd6 43. Re6 Nf5+ 44. Kg4 Ng7 $16) 42... Kh8 43. Rxg6 R8xd6) 41. Bh3 Rd3+ 42. Kh2 Rd2+ 43. Kg1 Rd1+ 44. Kg2 {Threatening mate with Be6+.} Rd2+ {[#]} 45. Kf1 $1 {White threatens Be6+ and mate.} Rd1+ 46. Ke2 {White wants to mate with Be6+.} R1xd6 47. Be6+ Rxe6+ 48. Rxe6 {KRR-KRN} Ra8 49. Rxg6+ Kf8 50. Rf6+ Kg8 51. Kd3 Ne5+ 52. Ke4 Ng4 53. Rfxc6 {Precision: White = 86%, Black = 37%.} 1-0

[Event "FIDE WCC 2018"]
[Site "Khanty-Mansiysk"]
[Date "2018.11.12"]
[Round "4.1"]
[White "Muzychuk, Mariya"]
[Black "Abdumalik, Zhansaya"]
[Result "0-1"]
[WhiteElo "2545"]
[BlackElo "2473"]
[Annotator "TA"]
[PlyCount "114"]
[EventDate "2018.11.03"]
[EventType "k.o."]
[EventCountry "RUS"]
[SourceTitle "playchess.com"]
[Source "ChessBase"]
[SourceQuality "1"]

{[%evp 16,114,31,34,55,55,51,55,55,57,57,51,54,52,53,48,42,53,47,40,41,48,49,52,45,47,55,45,41,36,85,89,85,88,87,87,86,85,100,-12,-4,-8,-2,-256,-261,-259,-258,-275,-241,-256,-256,-256,-242,-281,-273,-279,-275,-309,-339,-305,-257,-276,-274,-272,-252,-245,-232,-444,-395,-375,-386,-343,-334,-1048,-1044,-936,-927,-612,-601,-2407,-1483,-4569,-4569,-4569,-4562,-4562,-4562,-29974,-4562,-4562,-4133,-1913,-1913,-1581,-1549,-1526,-1489,-1368,-1052,-917,-885]} 1. e4 c5 2. Nf3 e6 3. d4 cxd4 4. Nxd4 a6 5. c4 Nf6 6. Nc3 Bb4 7. Qd3 {B41: Sizilianisch (Paulsen-Variante)} O-O (7... Qc7 8. Nc2 Bc5 9. Be2 O-O 10. O-O Nc6 11. Kh1 d6 12. f4 Bd7 13. a3 Rad8 14. b4 Ba7 {½-½ (115) Karjakin,S (2782)-Caruana,F (2816) Paris 2018}) 8. e5 Ne8 9. Bf4 {LiveBook: 3 Partien. Weiß steht etwas besser.} Qc7 $146 ({Vorgänger:} 9... d6 10. Nc2 Bxc3+ 11. Qxc3 dxe5 12. Rd1 Qe7 13. Bxe5 Nc6 14. Bg3 f5 {½-½ (57) Solodovnichenko,Y (2602)-Miezis,N (2574) Borup 2012}) 10. a3 Bxc3+ 11. Qxc3 f6 12. Nf3 Nc6 13. Bg3 {exf6 ist eine echte Drohung.} fxe5 14. Nxe5 {[#] Und Sg6! würde nun gewinnen.} Nxe5 15. Bxe5 d6 16. Bg3 Qc6 17. f3 e5 18. c5 dxc5 19. Bc4+ Be6 20. O-O-O b5 21. Bxe6+ Qxe6 22. Rhe1 {[%cal Bh1e1,Be1e5,Be5c5][%mdl 32]} b4 23. Rxe5 Qa2 24. axb4 ({Jedoch nicht} 24. Qxc5 $2 Nf6 $19) 24... cxb4 25. Qxb4 Rc8+ 26. Rc5 a5 27. Qb5 (27. Qd4 $16 Rxc5+ 28. Qxc5) 27... Rf5 $1 $36 {[%cal Rf5c5][%mdl 2048] Schwarz hat Druck.} 28. Bf2 Qe6 {[#] Und weiter mit ...Tfxc5+ wäre nett.} 29. Rd3 $2 {[%mdl 8192]} (29. Rd2 $1 $11) 29... Rfxc5+ $19 30. Bxc5 Qe1+ 31. Kc2 Qf2+ 32. Kb3 Qxc5 33. Qxc5 Rxc5 {[%mdl 4096] Endspiel KTS-KT} 34. h4 Rb5+ 35. Ka3 Kf7 36. Rd7+ Ke6 37. Ra7 h5 38. g4 hxg4 39. fxg4 Rb4 40. Rxa5 Rxg4 41. Rh5 $2 (41. h5) 41... g6 42. Rh8 Ng7 43. b4 Nf5 44. b5 $2 (44. h5 Rh4 45. Re8+ Kd7 46. Rf8) 44... Rxh4 45. Rg8 Rg4 46. b6 Nd6 47. Rc8 Rg5 {Weiss muss nun ...Ta5+ beachten.} 48. Rb8 Kd7 49. Kb4 Kc6 50. Kc3 Nb7 51. Kd4 Kxb6 (51... Rd5+ $142 52. Ke3 Rd8 53. Rxd8 Nxd8 54. Ke4 Kxb6 55. Ke5 Nf7+ 56. Kf6 g5 57. Kf5 Kc5 58. Ke4 Kd6 59. Kf5 Kd5 60. Kg4 Ke4 61. Kg3 Ne5 62. Kf2 Kf4 63. Kf1 g4 64. Ke1 Nd3+ 65. Kd2 Ke4 66. Kc3 g3 67. Kc4 g2 68. Kb5 g1=Q 69. Kc6 Qc5+ 70. Kd7 Kd5 71. Ke8 Ke6 72. Kd8 Ne5 73. Ke8 Qe7#) 52. Re8 {Schwarz steht klar auf Gewinn.} Kc6 53. Re5 Rg4+ 54. Ke3 Nc5 55. Kf3 Rg1 56. Re8 Kd6 57. Rc8 Ne6 {Precision: Weiß = 45%, Schwarz = 79%.} 0-1

[Event "FIDE WCC 2018"]
[Site "Khanty-Mansiysk"]
[Date "2018.11.12"]
[Round "4.1"]
[White "Kosteniuk, Alexandra"]
[Black "Muzychuk, Anna"]
[Result "1/2-1/2"]
[WhiteElo "2543"]
[BlackElo "2564"]
[Annotator "TA"]
[PlyCount "61"]
[EventDate "2018.11.03"]
[EventType "k.o."]
[EventCountry "RUS"]
[SourceTitle "playchess.com"]
[Source "ChessBase"]
[SourceQuality "1"]

{[%evp 31,61,10,11,3,25,10,7,7,7,7,7,9,0,7,6,-9,-10,-6,-12,0,0,-4,-6,-15,0,-3,-10,-7,0,0,0,0]} 1. e4 c5 2. Nf3 e6 3. d4 cxd4 4. Nxd4 Nf6 5. Nc3 Nc6 6. Ndb5 {[%cal Bd4b5,Bb5a3,Ba3c2][%mdl 32]} d6 7. Bf4 e5 8. Bg5 a6 9. Na3 b5 10. Nd5 Be7 11. Bxf6 Bxf6 12. c4 b4 {B33: Sicilian: Pelikan and Sveshnikov Variations} 13. Nc2 O-O (13... a5 14. Qf3 Be6 15. Rd1 Bxd5 16. Rxd5 Ne7 17. Rb5 Rb8 18. Bd3 Bg5 19. O-O O-O 20. Rd1 Qc7 21. a3 b3 {½-½ (72) Bogner,S (2619)-Cordova,E (2609) Batumi 2018}) 14. Be2 a5 15. O-O Bg5 (15... Be6 16. Bg4 Ra7 17. h3 Rd7 18. Qd3 g6 19. Nxf6+ Qxf6 20. a3 Bxg4 21. hxg4 {½-½ (62) Kosteniuk,A (2541)-Muzychuk,A (2545) Beijing 2014}) 16. b3 Be6 {LiveBook: 10 Games} 17. a3 {[%cal Ra3b4]} bxa3 18. Nc3 $146 ({Predecessor (2):} 18. Rxa3 Bxd5 19. Qxd5 Qb6 20. Rfa1 {½-½ (30) Zaslavsky,M (2433)-Gladyszev,O (2469) Israel 2011}) 18... Qb8 {The position is equal.} 19. Nxa3 Bd8 20. Nab5 Bb6 $1 21. Qxd6 Qxd6 22. Nxd6 Nd4 23. Rab1 Rfd8 24. Ndb5 Nxe2+ 25. Nxe2 a4 {[#] White must now prevent ...axb3.} 26. bxa4 Bxc4 27. Nbc3 Bc5 28. Rfd1 Rxd1+ 29. Rxd1 Bxe2 30. Nxe2 Rxa4 31. Rd8+ {Precision: White = 63%, Black = 82%.} 1/2-1/2

[Event "FIDE WCC 2018"]
[Site "Khanty-Mansiysk"]
[Date "2018.11.13"]
[Round "4.2"]
[White "Muzychuk, Anna"]
[Black "Kosteniuk, Alexandra"]
[Result "1/2-1/2"]
[WhiteElo "2564"]
[BlackElo "2543"]
[Annotator "TA"]
[PlyCount "51"]
[EventDate "2018.11.03"]
[EventType "k.o."]
[EventCountry "RUS"]
[SourceTitle "playchess.com"]
[Source "ChessBase"]
[SourceQuality "1"]

{[%evp 25,51,8,27,19,21,15,27,27,27,25,33,32,32,28,25,0,0,0,0,0,0,0,0,0,0,-12,-14,-14]} 1. e4 e5 2. Nf3 Nc6 3. Bb5 {[%cal Bf1b5,Bb5a4,Ba4b3][%mdl 32]} a6 4. Ba4 Nf6 5. O-O Be7 6. Re1 b5 7. Bb3 O-O 8. a4 b4 9. d4 d6 10. dxe5 Nxe5 11. Nxe5 {C88: Closed Ruy Lopez: Anti-Marshall Systems} dxe5 12. Qe2 Bc5 13. Be3 Bd4 {LiveBook: 6 Games} ({Of course not} 13... Nxe4 $6 14. Qc4 $18) 14. Bxd4 Qxd4 15. Rd1 Bg4 ({Much worse is} 15... Qxe4 $6 16. Qxe4 Nxe4 17. Bd5 $16) ({Not} 15... Qxb2 $2 16. Ra2 $18) 16. Rxd4 Bxe2 17. Rd2 Rfd8 18. f3 Rxd2 19. Nxd2 {[#] And now Kf2 would win.} Rd8 $146 20. Nf1 Bxf1 {The position is equal.} 21. Kxf1 $11 {KRB-KRN} a5 22. Ke2 Kf8 23. Rc1 Nd7 24. Bc4 c6 25. c3 b3 26. Rd1 1/2-1/2

[Event "FIDE WCC 2018"]
[Site "Khanty-Mansiysk"]
[Date "2018.11.13"]
[Round "4.2"]
[White "Abdumalik, Zhansaya"]
[Black "Muzychuk, Mariya"]
[Result "0-1"]
[WhiteElo "2473"]
[BlackElo "2545"]
[Annotator "TA"]
[PlyCount "116"]
[EventDate "2018.11.03"]
[EventType "k.o."]
[EventCountry "RUS"]
[SourceTitle "playchess.com"]
[Source "ChessBase"]
[SourceQuality "1"]

{[%evp 13,116,18,67,66,62,27,27,29,18,17,30,32,30,19,33,19,37,38,54,63,54,65,72,37,38,53,47,45,50,53,55,0,0,7,7,0,7,0,0,0,0,0,0,0,0,0,0,0,0,0,0,0,0,0,0,-106,-106,-133,-140,-136,-124,-139,-134,-196,-191,-201,-117,-107,-107,-179,-151,-305,-299,-280,-285,-270,-295,-303,-256,-262,-256,-570,-570,-730,-675,-547,-539,-1076,-1037,-1284,-1125,-29982,-29983,-29983,-29984,-29984,-29985,-29986,-29987,-29987,-29988,-29988,-29988,-29990,-383]} 1. e4 c5 2. Nf3 {[%cal Bg1f3,Bf3d4,Bd4b5][%mdl 32]} Nc6 3. d4 cxd4 4. Nxd4 e6 5. Nc3 Qc7 6. Be2 Nf6 7. O-O Bb4 {LiveBook: 5 Games. B47: Sicilian: Taimanov: 5 Nc3 Qc7 6 f4, 6 g3 and 6 Be2} (7... Be7 8. Be3 O-O 9. Ndb5 Qb8 10. f4 d6 11. Kh1 a6 12. Nd4 Qc7 13. Qe1 Nxd4 14. Bxd4 b5 15. a3 Bb7 16. Qg3 Rad8 17. Rae1 Qd7 18. Bd3 Nh5 19. Qg4 Nf6 20. Qg3 Nh5 21. Qg4 Nf6 22. Qg3 Nh5 23. Qg4 Nf6 24. Qg3 {½-½ (24) Andreikin,D (2712)-Grischuk,A (2772) Huaian 2017}) 8. Ndb5 Qb8 $1 9. Be3 a6 {White has an edge.} 10. a3 Be7 11. Nd4 O-O 12. f4 d6 13. Kh1 Bd7 14. Bf3 Rc8 $146 ({Predecessor:} 14... Qc7 15. Qe1 {1-0 (45) Khazhipov,T (2029)-Pleshakov,A (2054) Cheliabinsk 2011}) 15. Qe1 b5 16. Qg3 b4 17. axb4 Qxb4 18. e5 (18. Rfd1 {is more complex.} Nxd4 19. Bxd4 Bc6 20. Ra3 Qb7 21. Rb3) 18... Nxd4 19. Bxd4 ({Much worse is} 19. exf6 Nf5 $17) 19... Qxd4 20. exf6 Bxf6 {aiming for ...Ra7.} 21. Bxa8 Rxa8 22. Qd3 (22. f5 {looks sharper.} Be5 23. Qf3 Rb8 24. fxe6 Bxe6 25. Rxa6 g6 26. Ra8) 22... Qxd3 23. cxd3 d5 24. Ra3 g6 25. Rb3 a5 26. Ra1 Kg7 27. Kg1 a4 28. Rb7 Bc6 29. Rc7 Be8 30. Kf1 h5 31. Ra2 Bd8 32. Rb7 Bc6 33. Rb4 Ra6 34. Ke2 (34. g3 $11) 34... Be7 $36 {[%mdl 2048] White is under strong pressure.} 35. Rd4 {[%cal Rc3a4]} Bc5 36. Rdxa4 Bxa4 37. Nxa4 {[%mdl 4096] Endgame KRB-KRN} Bd4 38. b4 (38. Nc3 $17 Rxa2 39. Nxa2) 38... Ra8 39. Ra3 h4 ({Black should play} 39... Kf6 $19 40. Kf3 Kf5) 40. Kf3 f5 41. g4 (41. g3 $17 {was worth a try.}) 41... Kf6 $19 42. Ra2 $2 (42. g5+ $17 {was called for.} Ke7 43. Ra2) 42... Rb8 43. g5+ Ke7 44. Nb2 Rxb4 45. Nd1 Bb6 46. Rc2 Kd7 47. Nc3 $2 (47. Nf2 {nothing else works.}) 47... Rd4 48. Rd2 Ba5 49. Ne2 {[#]} Rxf4+ $1 {[%mdl 512]} 50. Kxf4 (50. Nxf4 Bxd2) 50... Bxd2+ {KB-KN} 51. Ke5 Ke7 52. Nf4 Bxf4+ {Black mates.} 53. Kxf4 {KP-KP} Kd6 54. d4 {[#]} e5+ $1 55. dxe5+ Ke6 56. Kf3 Kxe5 57. Kg2 Kf4 58. Kh3 Kxg5 $2 {Precision: White = 39%, Black = 76%.} (58... d4 {mates} 59. Kg2 Ke3 60. Kf1 f4 61. Ke1 f3 62. Kf1 d3 63. Ke1 f2+ 64. Kf1 d2 65. Kg2 d1=Q 66. Kh3 Kf4 67. Kxh4 Qh5#) 0-1

[Event "FIDE WCC 2018"]
[Site "Khanty-Mansiysk"]
[Date "2018.11.13"]
[Round "4.2"]
[White "Lei, Tingjie"]
[Black "Lagno, Kateryna"]
[Result "0-1"]
[WhiteElo "2457"]
[BlackElo "2556"]
[Annotator "TA"]
[PlyCount "104"]
[EventDate "2018.11.03"]
[EventType "k.o."]
[EventCountry "RUS"]
[SourceTitle "playchess.com"]
[Source "ChessBase"]
[SourceQuality "1"]

{[%evp 21,104,28,31,17,27,27,25,5,14,6,0,0,25,9,4,0,8,14,16,12,8,7,20,0,12,9,1,0,17,4,9,-6,-8,-37,-44,-41,10,-227,-3,-89,-80,-402,-303,-303,-303,-367,-372,-358,-366,-330,-183,-197,-204,-213,-204,-233,-233,-616,-164,-444,-444,-540,-272,-272,-266,-262,-262,-379,-374,-634,-618,-1484,-1442,-1262,-1216,-29984,-29979,-29978,-29966,-29983,-29984,-29984,-29980,-29984,-7464]} 1. e4 e5 2. Nf3 Nc6 3. Bb5 a6 4. Ba4 Nf6 5. O-O b5 6. Bb3 Bc5 7. a4 Rb8 {C78: Ruy Lopez: Archangelsk and Möller Defences} 8. Nxe5 Nxe5 9. d4 Bxd4 10. Qxd4 d6 11. Bf4 O-O {LiveBook: 11 Games} 12. f3 Ng6 $146 ({Predecessor:} 12... c5 13. Qd2 c4 14. Ba2 Be6 15. axb5 axb5 {1-0 (61) Wang,H (2711)-Sunilduth Lyna,N (2574) Abu Dhabi 2018}) 13. Bg5 Be6 14. Nc3 c5 15. Qd2 c4 16. Ba2 {[%cal Bb3a2,Ba2b1,Bb1e4][%mdl 32]} b4 17. Ne2 h6 18. Be3 b3 19. cxb3 cxb3 20. Bb1 d5 21. exd5 Nxd5 {[%cal Bf6d5,Bd5b4,Bb4c2][%mdl 32]} 22. Bd4 Qd6 23. Be4 Rfd8 24. Rad1 f5 25. Bb1 Nb4 26. Qe3 {Hoping for Bxg7!} Nc2 27. Bxc2 (27. Qc1 $5 {[%cal Rd4a7]}) 27... bxc2 28. Rd2 $1 Bc4 ({Better is} 28... Bb3 $15 29. Bc3 Qe7 30. Qxe7 Nxe7 31. Rxd8+ Rxd8) 29. Rc1 $2 (29. Bc3 $11 {and White stays safe.} Qc7 30. Rxc2) 29... Re8 $2 (29... Rb3 $1 $19 {[%cal Rb3e3]} 30. Qf2 Rxb2 $1 {[%mdl 512]}) 30. Ba7 (30. Qc3 $1 $11 {keeps the balance.} Bxe2 31. Ba7) 30... Qb4 $17 31. Qd4 $2 {[%mdl 8192]} (31. Qc3 $17 Qxc3 32. Nxc3) 31... Rxe2 32. Rxe2 Bxe2 33. Qd5+ Kh7 34. Bxb8 Qb6+ (34... Qxb8 35. Rxc2 Qb6+ 36. Kh1 $11) (34... Qxb2 35. Qd2 $11) 35. Kh1 Qe3 ({Weaker is} 35... Qxb8 36. Rxc2 Qe8 37. h3 $11) ({Stronger than} 35... Qxb2 36. Qd2 $11) (35... Bd1 $142 36. Qd2 Qxb8 37. Rxc2 Bxc2 38. Qxc2 Qf4) 36. Bf4 $19 ({Not} 36. Rxc2 $2 Bd3 $19) 36... Qxf4 $40 {[%mdl 128] Black wants a kill.} 37. Rxc2 Qxa4 {( -> ...Qa1+)} 38. Rc1 {[#]} Qf4 $1 {[%cal Rf4c1]} 39. Re1 $2 (39. Rc2) 39... Bb5 $2 (39... Nh4 40. Kg1 Qe3+ 41. Kh1 Qg5) 40. g3 $2 (40. Rd1 {was called for.}) 40... Qb4 41. Rb1 f4 42. Kg2 Qe7 {...Qe2+ is the strong threat.} 43. Qd2 Qe3 44. Qf2 (44. Qxe3 {was forced.} fxe3 45. Re1) 44... Ne5 45. gxf4 $2 (45. Qxe3 fxe3 46. f4) 45... Qxf4 46. Qg3 Qd2+ 47. Qf2 Be2 48. Kg1 Nxf3+ {Black mates.} 49. Kh1 Nd4 50. Ra1 Bf3+ 51. Kg1 Qg5+ 52. Kf1 Be2+ {Precision: White = 23%, Black = 46%.} (52... Qb5+ $142 53. Ke1 Qb4+ 54. Kf1 Qc4+ 55. Ke1 Qd3 56. Rc1 Bh5 57. h4 Nf3+ 58. Qxf3 Qxf3 59. Kd2 Qf4+ 60. Kc2 Bg6+ 61. Kd1 Qxh4 62. Ra1 Qd4+ 63. Ke1 Qg1+ 64. Kd2 Qxa1 65. Kc3 h5 66. Kd4 Qxb2+ 67. Kc5 Qe5+ 68. Kc6 Be4+ 69. Kd7 h4 70. Kd8 Qd6+ 71. Kc8 Qe7 72. Kb8 Qb7#) 0-1

[Event "FIDE WCC 2018"]
[Site "Khanty-Mansiysk"]
[Date "2018.11.13"]
[Round "4.2"]
[White "Tokhirjonova, Gulrukhbegim"]
[Black "Ju, Wenjun"]
[Result "0-1"]
[WhiteElo "2435"]
[BlackElo "2568"]
[Annotator "TA"]
[PlyCount "162"]
[EventDate "2018.11.03"]
[EventType "k.o."]
[EventCountry "RUS"]
[SourceTitle "playchess.com"]
[Source "ChessBase"]
[SourceQuality "1"]

{[%evp 19,162,0,38,0,0,0,0,0,0,-81,-91,-85,-15,-198,-195,-213,-225,-324,-323,-678,-678,-709,-725,-720,-719,-702,-708,-688,-678,-659,-555,-538,-442,-630,-347,-369,-264,-272,-249,-213,-146,-136,-65,-60,-65,-64,-62,-77,-77,-77,-80,-116,-51,-87,-30,-42,-44,-49,-27,-53,-56,-65,-63,-61,-64,-68,-60,-68,-68,-122,-66,-465,-465,-472,-472,-472,-472,-472,-472,-465,-465,-465,-417,-465,-458,-458,-451,-445,-445,-428,-398,-451,-435,-402,-402,-1747,-1541,-1445,-1406,-2681,-2554,-29948,-29950,-29947,-29949,-29954,-29956,-29950,-1552,-29948,-7999,-29965,-29967,-29967,-29968,-29967,-29969,-29969,-29972,-29970,-29973,-29972,-29973,-29974,-29975,-29975,-29975,-29975,-29976,-29977,-29977,-29976,-29978,-29982,-29981,-29987,-29987,-29988,-29989,-29989,-29990,-29994,-29995,-29995,-29996]} 1. e4 e5 2. Nf3 Nf6 3. Nxe5 d6 4. Nf3 Nxe4 5. Nc3 Nxc3 6. dxc3 Be7 7. Be3 Nd7 8. Qd2 {C42: Petroff Defence: 3 Nxe5 and unusual White 3rd moves} O-O 9. O-O-O c6 10. h4 Re8 {LiveBook: 14 Games} (10... d5 11. Kb1 Re8 12. Bd3 Bc5 13. Rde1 Bxe3 14. Rxe3 Rxe3 15. Qxe3 Nf6 {½-½ (28) Aronian,L (2780)-Caruana,F (2827) Batumi 2018}) 11. c4 a6 $146 ({Predecessor:} 11... Nf6 12. Bd3 d5 13. Bd4 Ne4 14. Bxe4 dxe4 15. Qc3 Bf8 {1-0 (28) Hamdouchi,H (2627)-Neiman,E (2322) Saint-Quentin 2014}) 12. h5 h6 13. Bd3 {White wants to play Bxh6!} Nf6 14. Bd4 (14. Rde1 $11) 14... b5 $17 15. Rde1 Be6 (15... bxc4 $17 16. Bxc4 d5) 16. Nh4 $2 (16. g4 $1 $11 c5 17. g5 cxd4 18. gxh6 bxc4 19. Qg5) 16... bxc4 $19 17. Bf5 Nd5 (17... Nxh5 18. Rxe6 c5 19. Be3 $18) 18. Bxe6 (18. g3 {keeps fighting.} Bxh4 19. Bxe6) 18... Bg5 ({And not} 18... Bxh4 19. Bxd5 Rxe1+ 20. Rxe1 $11) (18... fxe6 19. Ng6 $19) 19. f4 $2 (19. Be3 c3 20. bxc3 Nxe3 21. fxe3 Bxh4 22. g3 Bxg3 23. Reg1) 19... Bxf4 ({Less strong is} 19... Bxh4 20. g3 $17) 20. Bxf7+ Kxf7 21. Ref1 {[#]} Re1+ $1 {[%mdl 512]} 22. Rxe1 Bxd2+ 23. Kxd2 Qg5+ 24. Kd1 Qxh5+ 25. Kc1 Kg8 26. Kb1 (26. g4 $142 Qxg4 27. Bxg7 $1 {[%mdl 512]} Qf4+ 28. Kb1 Kxg7 29. Ref1) 26... c5 27. g4 Qxg4 28. Bxg7 Kxg7 ({Much less strong is} 28... Qxg7 29. Rhg1 $19) 29. Rhg1 {[#]} Qxg1 $1 30. Rxg1+ {[%mdl 4096] Endgame KRN-KRN} Kh7 ({Black should play} 30... Kf6 $17 {Threatens to win with ...Nf4.} 31. Rg6+ Ke5 32. Nf3+ Kf4 33. Rxd6 Kxf3 34. Rxd5 Rg8) 31. Nf5 $15 Rf8 32. Nxd6 c3 33. bxc3 Nxc3+ 34. Kb2 Ne2 35. Rg2 Nf4 (35... Rb8+ $17 36. Ka3 Nc3) 36. Rd2 Rd8 ({Better is} 36... h5 $17 {White must now prevent ...h4.} 37. Rh2 Kg6) 37. Kc3 $11 h5 38. Kc4 Ne6 39. Kd5 Ng5 {And now ...Rxd6+! would win.} 40. Rh2 Nf7 $1 {aiming for ...Kg6.} 41. Kxc5 Rxd6 (41... Nxd6 $2 42. Rxh5+ Kg6 43. Rh4 $19) 42. Rxh5+ $15 {KRN-KR} Kg6 43. Rd5 Re6 44. a4 Kf6 (44... Ng5 $1 $17 45. c4 Ne4+ 46. Kd4 Nd6) 45. c4 $2 {[%mdl 8192] [#]} (45. Rd7 $1 $15) 45... Ke7 $1 $19 46. Rd1 Ne5 47. Rh1 Nd7+ 48. Kb4 Kd6 49. Rh5 Kc7 50. Rh7 Rc6 51. Rg7 Kc8 52. Rg8+ {[#]} Kb7 $1 53. Rg5 Rc7 54. Rh5 Nb8 55. Rh4 Nc6+ 56. Kc5 Na5+ 57. Kb4 (57. Kd5 $142) 57... Kb6 58. Rg4 Nc6+ 59. Kb3 Re7 60. Rg3 Kc5 61. Kc3 Re4 62. Rg5+ Ne5 63. Rh5 Rxc4+ (63... a5 $142 64. Rf5 Rxc4+ 65. Kb3 Rb4+ 66. Kc3 Kd5 67. Rf8 Rxa4 68. Kb3 Rb4+ 69. Kc3 Kc5 70. Rh8 Re4 71. Kb3 Nd7 72. Rh5+ Re5 73. Rh7 Nb6 74. Kc3 a4 75. Rc7+ Kb5 76. Rg7 Rh5 77. Rg3 Kc5 78. Rg2 Rh3+ 79. Kb2 Kb4 80. Ka2 Ra3+ 81. Kb2 Rf3 82. Rg4+ Nc4+ 83. Ka2 Rf2+ 84. Ka1 Re2 85. Rd4 Kc3 86. Rd1 Na5 87. Rc1+ Rc2 88. Kb1 Rxc1+ 89. Kxc1 a3 90. Kb1 Kb3 91. Ka1 Kc2 92. Ka2 Nc4 93. Ka1 Nd6 94. Ka2 Nc4 95. Ka1 Nd6 96. Ka2 Nc4) 64. Kb3 Re4 65. Kc3 a5 {Black mates.} 66. Rf5 Re3+ 67. Kd2 Kd4 68. Rf8 Nc4+ 69. Kd1 Kc3 70. Rc8 Kb3 71. Rb8+ Kxa4 72. Kc2 Na3+ 73. Kd2 Rh3 74. Rg8 Kb4 75. Rb8+ Nb5 76. Kc2 a4 {[%cal Ba5a4,Ba4a3][%mdl 32]} 77. Kb2 a3+ 78. Ka2 Rh2+ 79. Ka1 Ka4 80. Rc8 Kb3 81. Rc1 Nc3 {Precision: White = 33%, Black = 73%.} 0-1